| 000 | 00743nam a22001577a 4500 | ||
|---|---|---|---|
| 005 | 20251227152407.0 | ||
| 008 | 251227b |||||||| |||| 00| 0 eng d | ||
| 020 |
_a9780521611893 _qpbk |
||
| 041 | _aeng | ||
| 082 |
_a230.04474 _bCOW |
||
| 100 | _a Cowling ,Maurice | ||
| 245 |
_a Religion and public doctrine in modern England. Volume III, Accommodations _c/Maurice Cowling |
||
| 504 | _aindex | ||
| 520 | _aThe concluding volume of Maurice Cowling's magisterial sequence examines three related strands of thought - latitudinarianism, the Christian thought which has assumed that latitudinarianism gives away too much, and the post-Christian thought which has assumed that Christianity is irrelevant or anachronistic. | ||
| 942 | _cENGLISH | ||
| 999 |
_c605546 _d605546 |
||